<?xml version="1.0" encoding="UTF-8"?><?xml-stylesheet type="text/xsl" href="static/style.xsl"?><OAI-PMH xmlns="http://www.openarchives.org/OAI/2.0/" xmlns:xsi="http://www.w3.org/2001/XMLSchema-instance" xsi:schemaLocation="http://www.openarchives.org/OAI/2.0/ http://www.openarchives.org/OAI/2.0/OAI-PMH.xsd"><responseDate>2026-04-13T06:35:08Z</responseDate><request verb="GetRecord" identifier="oai:www.recercat.cat:2072/455972" metadataPrefix="marc">https://recercat.cat/oai/request</request><GetRecord><record><header><identifier>oai:recercat.cat:2072/455972</identifier><datestamp>2025-02-25T12:30:04Z</datestamp><setSpec>com_2072_98</setSpec><setSpec>col_2072_378192</setSpec></header><metadata><record xmlns="http://www.loc.gov/MARC21/slim" xmlns:dcterms="http://purl.org/dc/terms/" xmlns:xsi="http://www.w3.org/2001/XMLSchema-instance" xmlns:doc="http://www.lyncode.com/xoai" xsi:schemaLocation="http://www.loc.gov/MARC21/slim http://www.loc.gov/standards/marcxml/schema/MARC21slim.xsd">
   <leader>00925njm 22002777a 4500</leader>
   <datafield ind2=" " ind1=" " tag="042">
      <subfield code="a">dc</subfield>
   </datafield>
   <datafield ind2=" " ind1=" " tag="720">
      <subfield code="a">García Cárcel, Ricardo,</subfield>
      <subfield code="e">author</subfield>
   </datafield>
   <datafield ind2=" " ind1=" " tag="720">
      <subfield code="a">Ciclo Ideología y mentalidades en la España del Antiguo Régimen</subfield>
      <subfield code="e">author</subfield>
   </datafield>
   <datafield ind2=" " ind1=" " tag="260">
      <subfield code="c">1990</subfield>
   </datafield>
   <datafield ind2=" " ind1=" " tag="520">
      <subfield code="a">Conferència pronunciada a la Facultad de Filosofía y Letras de la Universidad de Granada el dia 14 de març de 1990, dins del cicle "Ideología y mentalidades en la España del Antiguo Régimen"</subfield>
   </datafield>
   <datafield ind2=" " ind1=" " tag="520">
      <subfield code="a">En la historiografía reciente el área más polémica, tanto en cuanto a su sentido como a sus propias señas de identidad, es la historia de las mentalidades. Su enorme auge se ha basado sobre todo en tres clases de fuentes: la literatura, los protocolos notariales y la documentación inquisitorial. Sin embargo, los problemas que plantea su utilización, especialmente evidente en lo relacionado con la Inquisición, sirven para analizar las concepciones distintas que hay detrás de toda la proliferación de trabajos en estos últimos años, así como para esbozar un camino de futuro a este tipo de historia</subfield>
   </datafield>
   <datafield ind2=" " ind1=" " tag="520">
      <subfield code="a">Because of both its essential meaning and its distinctive characteristics, the History of Mentalities is the most controversial area of recent historiography. Its noteworthy expansion and development in Spain stems principally from three types of sources: literature, notarial protocols and documentation surrounding the Inquisition. However, the problems involved in its use, especially evident with regard to the Inquisition, can help us to analyze the different conceptions underlying the proliferation of such studies over the past few years, in addition to indicating the future orientations of this fiels of study</subfield>
   </datafield>
   <datafield ind2="0" ind1="0" tag="245">
      <subfield code="a">Historia de las mentalidades e Inquisición</subfield>
   </datafield>
</record></metadata></record></GetRecord></OAI-PMH>